Estadísticas para Capitals comarques Illes Balears

Haz click aquí para intentar la prueba.

Estadísticas generales

  • Esta prueba ha sido intentada 88 veces
  • La puntuación promedio es 8 de 9

Estadísticas de respuestas

ComarcaCapital% Correcto
PalmaPalma
97%
EivissaEivissa
96%
MenorcaMaó
94%
FormenteraSant Francesc
94%
LlevantManacor
86%
Serra de TramuntanaSóller
79%
RaiguerInca
77%
MigjornLlucmajor
70%
Pla de MallorcaSineu
56%

Distribución de puntuación

Porcentaje por número respondido

Porcentaje de gente con cada puntuación

Historial de tus puntuaciones

No has intentado esta prueba.